000 00362 a2200157 4500
001 75771
020 _a8516030644
040 _cAnchieta - Colégio São Paulo
100 _aBranco, Samuel Murgel
240 1 0 _aNatureza e seres vivos
_lpor
245 1 0 _aNatureza e seres vivos
300 _a46
362 0 _a2002
650 4 _aLiteratura juvenil
942 _cBK
999 _c75771
_d75771